000 00634nam a2200181 a 4500
001 000041713
005 20201002035720.0
008 131016s2003 dr ac 000 0 spa d
020 _a9993497207
040 _aDO-SdBNP
_bspa
_cBNPHU
082 _axxxx
_bxxx
100 1 _aCruz Miolán, Juan Radhamés
_968537
245 1 3 _aLa Rondalla UASD cuenta su historia. /
_cJuan Radhamés Cruz Miolán, Fermín A. Cruz M.
260 _aSanto Domingo, :
_bUniversitaria,
_c2003.
300 _a178 p. :
_bil, retr. ;
_c21 cm.
500 _aEn el 465 aniversario de la Universidad Autónoma de Santo Domingo.
700 1 _aCruz M., Fermín A.
_968538
999 _c41202
_d41202